| 000 | 00541nam a22001937a 4500 | ||
|---|---|---|---|
| 003 | KOHA_MİRAKIL | ||
| 005 | 20251118100241.0 | ||
| 008 | 251118b tu ||||| |||| 00| 0 tur d | ||
| 020 | _a9786059366113 | ||
| 040 |
_aTR-AnABB _btur _cTR-AnABB |
||
| 041 | _atur | ||
| 082 |
_a813.42 _bERG 2017 |
||
| 100 | 1 | _aErginöz, Murat Aykaç, | |
| 245 | 1 | 0 |
_aHaremin büyüsü / _cMurat Aykaç Erginöz |
| 260 |
_aİstanbul : _bArion Yayıncılık, |
||
| 300 |
_a208 sayfa ; _c21 cm |
||
| 650 | 0 | 4 | _aTürk edebiyatı, roman |
| 942 |
_2ddc _cBK |
||
| 999 |
_c9518 _d9518 |
||
| 900 | _bGizem YORULMAZ | ||